000 00794nam a2200265 i 4500
001 bg
100 1 _aZuffi, Stefano
_d(1961-).
245 0 _aDürer /
_c[tekst Stefano Zuffi; tł. Tamara Łozińska].
260 _aWarszawa :
_bRzeczpospolita ;
_bHPS,
_c2006.
300 _a143 s. :
_bil. ;
_c26 cm.
490 1 _aKlasycy Sztuki ;
_v14
600 0 9 _aDürer, Albrecht
_d(ca 1471-1528)
_xtwórczość
650 0 _aMalarstwo niemieckie
_xhistoria
_y15-16 w.
700 0 1 _aŁozińska, Tamara
_eTł.
830 _aKlasycy Sztuki ;
020 _a9788360529133
020 _a8360529132
040 _cBPK
041 1 _apol
_hita
080 _a75.071(450)"15"(084.11)A/Z
920 _a978-83-60529-13-3
920 _a83-60529-13-3
942 _cKS
008 s pl f |000 0 pol
999 _c53733
_d53733
856 _uhttp://koha.tu.koszalin.pl/cgi-bin/koha/opac-detail.pl?biblionumber=53733
_yKatalog online BPK